| 000 | 00366nam a22001457a 4500 | ||
|---|---|---|---|
| 003 | SGT | ||
| 020 | _a978-93-5540-277-6 | ||
| 082 |
_a630 _bPAR |
||
| 100 | _aPAREEK, S.S. | ||
| 245 | _aPRACTICAL MANUAL OF FUNDAMENTALS OF AGRICULTURAL EXTENSION EDUCATION | ||
| 260 |
_aDELHI _bKALYANI _c2022 |
||
| 300 | _a67 | ||
| 650 | _a AGRICULTURAL EDUCATION | ||
| 942 |
_2ddc _cBK |
||
| 999 |
_c25703 _d25703 |
||